Komplexný pohľad na multimédiá

Bibliographic Details
Main Authors: Horváthová, Dana, 1965- (Author), Trajteľ, Ľudovít, 1954- (Author), Vítko, Peter, 1976- (Author), Klimeš, Jan, 1934- (Author), Šperka, Martin (Author), Hanuska, Slavomír (Author), Polakovič, Peter (Author), Fabián, Peter, 1952- (Author), Dekrét, Anton, 1932- (Author)
Format: Book
Language:Slovak
PhysicalDescription:194 s. grafy, fotogr., sch., tab. 30 cm
Published: Banská Bystrica Koprint 2001
ISBN:8080555567
Subjects:

MARC

LEADER 00000nam a2200000 a 4500
001 vtls001440673
003 SK-MaSNL
005 20260302024228.0
008 240226s2001 xo aac r 0yy slo
015 |a SNBA2002/12-03932 
020 |a 8080555567 
035 |a SNK000395847 
035 |a urn:nbn:sk:snk-amyh46 
035 |a urn:nbn:sk:snk-am00cjyd 
035 |a E8D42F07-197F-4948-A987-EA049EC7B510 
040 |a SNK  |b slo  |c SNK  |e AACR2 
041 0 |a slo 
044 |a xo  |c SK 
080 |a 659.3:681.3(075.4)  |2 1981 
080 |a 681.3(075.4)  |2 1981 
245 0 |a Komplexný pohľad na multimédiá  |c Dana Horváthová ... [et al.] 
260 |a Banská Bystrica  |b Koprint  |c 2001 
300 |a 194 s.  |b grafy, fotogr., sch., tab.  |c 30 cm 
500 |a Podľa ISBN vydav. Univerzita Mateja Bela, Banská Bystrica 
500 |a 200 výt. 
504 |a Bibliogr. odkazy. Reg. 
650 0 7 |a multimédia  |x texty učebné  |2 SNK  |9 671971 
655 7 |a príručky  |2 SNK  |9 74364 
700 1 |a Horváthová, Dana,  |d 1965-  |4 aut  |9 205606 
700 1 |a Trajteľ, Ľudovít,  |d 1954-  |4 aut  |9 219899 
700 1 |a Vítko, Peter,  |d 1976-  |4 aut  |9 219105 
700 1 |a Klimeš, Jan,  |d 1934-  |4 aut  |9 262797 
700 1 |a Šperka, Martin  |4 aut  |9 288009 
700 1 |a Hanuska, Slavomír  |4 aut  |9 26238 
700 1 |a Polakovič, Peter  |4 aut  |9 23635 
700 1 |a Fabián, Peter,  |d 1952-  |4 aut  |9 7856 
700 1 |a Dekrét, Anton,  |d 1932-  |4 aut  |9 171992 
710 2 |a Univerzita Mateja Bela v Banskej Bystrici  |4 pbl  |9 166817 
919 |a 80-8055-556-7 
958 |a OND 
958 |a TL 
958 |a NB 
958 |a UO 
999 |c 1039725  |d 1041655 
952 |t P60, <03>, [BOOK], {603}  |a SNK  |b SNK  |y PREZ  |7 0  |p 17A0357012  |o snkSB 65581  |i snkKSP 11442/2002  |0 0  |1 0  |4 0  |d 2002-09-20  |f 1  |l 0  |r 2017-06-30 00:00:00  |w 2026-02-24 
952 |t P60, <04>, [BOOK], {604}  |a SNK  |b SNK  |y VYP  |7 0  |p 17A0357013  |o snkSB 65581 D1  |i snkKSP 11443/2002  |0 0  |1 0  |4 0  |d 2002-09-20  |l 1  |m 1  |r 2026-05-18 15:50:16  |s 2026-04-15  |w 2026-02-24